Most densely populated countries - Statistics

General Stats
  • This quiz has been taken 6 times
  • The average score is 11 of 20
Answer Stats
Answer % Correct
India
100%
Burundi
80%
Monaco
80%
Rwanda
80%
Singapore
80%
South Korea
80%
Bangladesh
60%
Barbados
60%
Netherlands
60%
San Marino
60%
Vatican City
60%
Bahrain
40%
Comoros
40%
Haiti
40%
Isreal
40%
Lebanon
40%
Maldives
40%
Malta
40%
Mauritius
40%
Nauru
0%
No matching quizzes found
Score Distribution
Percent of People with Each Score
Percentile by Number Answered
Your Score History
You have not taken this quiz